MARC

LEADER 00000nas a2200000 a 4500
001 ssj0012584
003 WaSeSS
005 20200512172242.0
006 m d
007 cr n
008 921127c19879999dcufr p s 0 a0eng c
010 |a  94648029   |z sn 92005277  
022 |l 1066-7210  |y 1066-7210 
035 |a (WaSeSS)ssj0012584 
037 |b NHI, 214 Massachusetts Ave. NE, Suite 470, Washington, DC 20002 
040 |a NSD  |b eng  |c NSD  |d DLC  |d IUL  |d DLC  |d SYS  |d OCLCQ  |d OCLCF  |d OCLCO  |d HLS  |d GILDS  |d OCLCO  |d OCLCA  |d WaSeSS 
042 |a nsdp  |a pcc 
043 |a n-us-dc 
050 0 0 |a AS36.W2854  |b A29 
082 0 0 |a 001  |2 20 
130 0 |a Humanitas (Washington, D.C.) 
210 0 |a Humanitas  |b (Wash. D.C.) 
222 0 |a Humanitas  |b (Washington, D.C.) 
245 1 0 |a Humanitas  |h [electronic resource]. 
260 |a Washington, D.C. :  |b National Humanities Institute 
310 |a Semiannual 
362 1 |a Began in 1987. 
506 |a License restrictions may limit access. 
515 |a Some issues combined. 
588 |a Description based on: Vol. 5, no. 3 (summer 1991); title from caption. 
588 |a Latest issue consulted: Vol. 6, no. 1 (fall 1992/winter 1993). 
610 2 0 |a National Humanities Institute  |v Periodicals. 
610 2 7 |a National Humanities Institute.  |2 fast  |0 (OCoLC)fst00605958 
650 0 |a Learned institutions and societies  |z Washington (D.C.)  |v Periodicals. 
650 7 |a Learned institutions and societies.  |2 fast  |0 (OCoLC)fst00994807 
651 7 |a Washington (D.C.)  |2 fast  |0 (OCoLC)fst01204505 
655 0 |a Electronic journals. 
710 2 |a National Humanities Institute. 
850 |a DLC  |a InU 
853 0 0 |8 1  |a v.  |b no.  |i (year)  |j (season) 
856 4 0 |z Full text available from Research Library: 01/01/1998 to present  |u https://search.proquest.com/publication/30185 
863 4 0 |8 1  |a <6>-  |i <1993>-  |x provisional